Engineering mechanics (Applied mechanics) (Record no. 140)
[ view plain ]
| 000 -LEADER | |
|---|---|
| fixed length control field | 00677nac a22001691u 4500 |
| 020 ## - INTERNATIONAL STANDARD BOOK NUMBER | |
| International Standard Book Number | 8180140393 |
| 082 ## - DEWEY DECIMAL CLASSIFICATION NUMBER | |
| Classification number | 620.1 |
| Item number | C45616 |
| 090 ## - LOCALLY ASSIGNED LC-TYPE CALL NUMBER (OCLC); LOCAL CALL NUMBER (OCLC) | |
| -- | 140 |
| -- | 140 |
| 100 ## - MAIN ENTRY--PERSONAL NAME | |
| Personal name | Chandra, Ram |
| 245 ## - TITLE STATEMENT | |
| Title | Engineering mechanics (Applied mechanics) |
| Remainder of title | (A textbook for degree, diploma, I.E.T.E., A.M.I.E. and various branches of engineering)/ |
| Statement of responsibility, etc | Ram Chandra, Virendra Gehlot |
| 250 ## - EDITION STATEMENT | |
| Edition statement | (4th ed.) |
| 260 ## - PUBLICATION, DISTRIBUTION, ETC. (IMPRINT) | |
| Place of publication, distribution, etc | Delhi |
| Name of publisher, distributor, etc | Standard publishers |
| Date of publication, distribution, etc | 2004 |
| 650 ## - SUBJECT ADDED ENTRY--TOPICAL TERM | |
| Topical term or geographic name as entry element | Mechanics, applied |
| 700 ## - ADDED ENTRY--PERSONAL NAME | |
| Relator code | Gehlot, Virendra |
| 942 ## - ADDED ENTRY ELEMENTS (KOHA) | |
| Item type | Book - Borrowing |
| Call number prefix | 620.1C45616 |
| Withdrawn status | Item status | Damaged status | Not for loan | Home library | Current library | Shelving location | Date acquired | Source of acquisition | Total Checkouts | Full call number | Barcode | Date last seen | Cost, replacement price | Koha item type |
|---|---|---|---|---|---|---|---|---|---|---|---|---|---|---|
| Central Library | Central Library | First floor | 26/01/2006 | Purchase | 620.1 CHA | 000004617 | 15/07/2025 | 90.00 | Book - Borrowing |